[Event "Dimitrovgrad op"]
[Site "Dimitrovgrad"]
[Date "2008.08.09"]
[Round "7"]
[White "Umanski, Anatoli"]
[Black "Alieva, Sabina"]
[Result "1-0"]
[WhiteElo "1897"]
[BlackElo "1657"]
[PlyCount "132"]
[EventDate "2008.08.05"]
[EventType "swiss"]
[EventRounds "9"]
[EventCountry "RUS"]
[SourceTitle "EXT 2022"]
[Source "ChessBase"]
[SourceDate "2021.10.06"]
[SourceVersion "1"]
[SourceVersionDate "2021.10.06"]
[SourceQuality "1"]

1. e4 d5 2. exd5 Qxd5 3. Nf3 Bg4 4. Be2 Nf6 5. Nc3 Qa5 6. 0-0 e6 7. a3 c6 8. b4 Qc7 9. Bb2 Bd6 10. h3 Bf5 11. d4 Nbd7 12. Re1 0-0 13. Nh4 Be4 14. Nxe4 Nxe4 15. Bd3 Nxf2 16. Qe2 Nxd3 17. Qxd3 Nf6 18. Nf3 Rfe8 19. c4 Rad8 20. Qc3 Kf8 21. Ne5 Nd7 22. Rf1 Nxe5 23. dxe5 Be7 24. Qf3 Bg5 25. Qh5 h6 26. Rf3 Rd7 27. Raf1 Red8 28. Qg4 Kg8 29. Rg3 Rd3 30. Rgf3 Rxf3 31. Rxf3 Be7 32. Rg3 Bf8 33. Bc1 g6 34. Be3 Qxe5 35. h4 Rd1+ 36. Kh2 Qa1 37. Rf3 Rh1+ 38. Kg3 Qe5+ 39. Bf4 Qe1+ 40. Rf2 Rf1 41. Qf3 Qxf2+ 42. Qxf2 Rxf2 43. Kxf2 Kg7 44. Bb8 a6 45. Ke3 Kf6 46. Ke4 a5 47. Be5+ Ke7 48. c5 Kd7 49. g4 axb4 50. axb4 Be7 51. Bg3 Bf6 52. Be1 Bb2 53. Bd2 Bg7 54. g5 hxg5 55. hxg5 Bb2 56. Kf3 e5 57. Ke4 Ke6 58. Be1 Bc1 59. Bc3 Bxg5 60. Bxe5 Bf6 61. Bc7 Bc3 62. Ba5 g5 63. Kd3 Be1 64. Ke2 Bh4 65. Bd8 f5 66. Kd3 Kd5 1-0